| 000 | 01259naa a22003617a 4500 | ||
|---|---|---|---|
| 001 | BR6002531 | ||
| 003 | BR-BrBNA | ||
| 005 | 20240918172849.0 | ||
| 007 | ta | ||
| 008 | 230509b bl.||||| |||| 00| 0 por d | ||
| 040 |
_aBR-BrBNA _bpor _cBiblioteca Nacional de Agricultura |
||
| 041 | _a(Pt) | ||
| 072 |
_aE70; Q10 _b3575 |
||
| 090 | _aE70 BR6002531 | ||
| 100 | 1 | _aSouleyrette, D.A. | |
| 111 | 1 |
_a3. Seminario Brasileiro de Sementes _cRecife, PE (Brazil) _d14 Sep 1970 |
|
| 245 | 1 | _aAlgumas consideracoes a respeito de unidades de beneficiamento de sementes e movimentacao da semente atraves da instalacao | |
| 260 | 3 |
_aRio de Janeiro, GB (Brasil): _c1972. |
|
| 500 | _aAnais do 3. Seminario Brasileiro de Sementes Rio de Janeiro, GB (Brasil): 1972. p. 355-360 (BR6002531-AM)E70 | ||
| 650 | _aCOMERCIALIZACAO | ||
| 650 | _aTECNOLOGIA DE ALIMENTO | ||
| 650 | _aSEMENTE | ||
| 650 | _aABASTECIMENTO | ||
| 650 | _aARMAZENAMENTO | ||
| 650 | _aBENEFICIAMENTO | ||
| 650 | _aEQUIPAMENTO | ||
| 650 | _aLIMPEZA | ||
| 650 | _aINDUSTRIA | ||
| 650 | _aSILO | ||
| 773 | 0 |
_tAnais do 3. Seminario Brasileiro de Sementes _wE70 BR6002531 _gRio de Janeiro, GB (Brasil), 1972. p. 355-360 |
|
| 909 |
_a202404 _bLucia _c55 _dLucia Elande |
||
| 942 |
_cAM _2AGRIS |
||
| 999 |
_c301795 _d301795 |
||